000 01039cam a22002895a 4500
001 L159222
002 19857
008 130424s2014 xxkd f 001 0 eng d
020 _a9781783210510
035 _a(Sirsi) u159222
041 0 _aeng
050 0 4 _a692.5 $2 18
110 2 _aBuilding Cost Information Service
_91096
245 0 0 _aBCIS painting and decorating price book
_b2014
250 _a21th ed.
260 _aLondon
_bBCIS
_c2014
300 _av, 174p.
_c19cm.
350 _a£44.00
520 _aProvides guide prices for painting and decoration in new buildings and for redecoration in existing properties. The rates are presented in the following sections: basic rates; new internal work; new external work; wall coverings; internal redecoration; external redecoration; and composite prices.
520 _aSupersedes 20th ed. (ISBN 9781907196362).
521 _aAdvanced
590 _aKA
651 4 _aUnited Kingdom
_y
690 _aRefurbishment
_96264
690 _aFacilities management
_96240
942 _n0
999 _c115747
_d115747